| 000 | 00999nam0a22002531 4500 | ||
|---|---|---|---|
| 001 | rc\888688 | ||
| 005 | 20041129093953.4 | ||
| 035 | _a(NLR Aleph) 006065578 | ||
| 090 |
_a4952690 _c4952690 |
||
| 100 | _a20041129d1983 u |0rusy50 ca | ||
| 101 | 0 | _arus | |
| 102 | _aRU | ||
| 105 | _ay ||||||||| | ||
| 200 | 1 |
_aСтиль фельетона _eВыражение авт. позиции. Лекции по курсу стилистики рус. яз. для студентов фак. и отд-ний журналистики гос. ун-тов |
|
| 210 |
_aМ. _cИзд-во МГУ _d1983 |
||
| 215 |
_a61 с. _d21 |
||
| 300 | _aВ надзаг.: Науч.-метод. каб. по заоч. и веч. обучению МГУ им. М.В. Ломоносова | ||
| 320 | _aБиблиогр.: с. 58-60 | ||
| 700 | 1 |
_aКайда _bЛ. Г. _gЛюдмила Григорьевна |
|
| 801 | 0 |
_aRU _bNLR _gpsbo |
|
| 801 | 1 |
_aRU _bELAR _2rusmarc |
|
| 852 |
_aNLR _j83-6/6171 |
||
| 942 | _cBOOK | ||
| 980 | _aNB | ||